000 01152nam0a22002291i 4500
001 rc\340710
005 20240723193216.0
035 _a(NLR Aleph) 005582750
090 _a6129678
_c6129678
100 _a20030307d1989 u |0rusy50 ca
101 0 _arus
102 _aRU
105 _ay |||||||||
200 1 _aПартийное руководство общественно-политической деятельностью учителей в условиях перехода ко всеобщему среднему образованию
_e(На материалах Зап. Урала - Перм. обл. и Удм. АССР, 1971-1985 гг.)
_eАвтореф. дис. на соиск. учен. степ. канд. ист. наук
_e(07.00.01)
_fМоск. гос. пед. ин-т им. В.И.Ленина, Специализир. совет К.113.08.13
210 _aМ.
_d1989
215 _a16, [1] с.
320 _aБиблиогр.: с. 16-17 (7 назв.)
700 1 _aПорозов
_bВ.А.
_gВладимир Александрович
801 0 _aRU
_bNLR
_gpsbo
801 1 _aRU
_bELAR
_2rusmarc
852 _aNLR
_jА90/2687
942 _cBOOK